书目信息 |
| 题名: |
黄领丽人:都市“女浪子”故事
|
|
| 作者: | 王正和 著 | |
| 分册: | ||
| 出版信息: | 广州 花城出版社 2000.08 |
|
| 页数: | 360页 | |
| 开本: | 32开 | |
| 丛书名: | ||
| 单 册: | ||
| 中图分类: | I247.5 | |
| 科图分类: | ||
| 主题词: | 小说--中国 | |
| 电子资源: | ||
| ISBN: | 7-5360-3319-2 | |
| 000 | 00574nam0 2200193 45 | |
| 001 | 0009210576 | |
| 005 | 20000921052946.7 | |
| 010 | @a7-5360-3319-2@d19.00元 | |
| 100 | @a20000921d2000 km y0chiy0120 ea | |
| 101 | 0 | @achi |
| 105 | @a z 000yy | |
| 200 | 1 | @a黄领丽人:都市“女浪子”故事@AHuang Ling Li Ren:Du Shi“Nu Lang Zi”Gu Shi@f王正和著@FWang Zheng He Zhu |
| 210 | @a广州@c花城出版社@d2000.08 | |
| 215 | @a360页@d32开 | |
| 606 | 0 | @a小说@x中国 |
| 690 | @aI247.5@v3 | |
| 701 | 0 | @a王正和@4著 |
| 801 | @aCN@bPftUser@c20000921 | |
| 905 | @b210084-093@dI247.5@eW311@f10 | |
| 黄领丽人:都市“女浪子”故事/王正和著.-广州:花城出版社,2000.08 |
| 360页;32开 |
| ISBN 7-5360-3319-2:19.00元 |
| ● |
| 相关链接 |
|
|
|
正题名:黄领丽人:都市"女浪子"故事
索取号:I247.5/W311
 
预约/预借
| 序号 | 登录号 | 条形码 | 馆藏地/架位号 | 状态 | 备注 |
| 1 | 210084 | 202100840 | 文学库108/ [索取号:I247.5/W311] | 在馆 | |
| 2 | 210085 | 202100859 | 文学库108/ [索取号:I247.5/W311] | 在馆 | |
| 3 | 210086 | 202100868 | 文学库108/108文学库 37排1列2层/ [索取号:I247.5/W311] | 在馆 | |
| 4 | 210087 | 202100877 | 文学库108/ [索取号:I247.5/W311] | 在馆 | |
| 5 | 210088 | 202100886 | 文学库108/ [索取号:I247.5/W311] | 在馆 | |
| 6 | 210089 | 202100895 | 社科二线422/422社科库 8排2列5层/ [索取号:I247.5/W311] | 在馆 | |
| 7 | 210090 | 202100902 | 文学库108/ [索取号:I247.5/W311] | 在馆 | |
| 8 | 210091 | 202100911 | 文学库108/ [索取号:I247.5/W311] | 在馆 | |
| 9 | 210092 | 202100920 | 文学库108/ [索取号:I247.5/W311] | 在馆 | |
| 10 | 210093 | 202100939 | 社科二线422/422社科库 8排2列5层/ [索取号:I247.5/W311] | 在馆 | |
| 11 | 336498 | 203364983 | 文学库108/ [索取号:I247.5/W311] | 在馆 | |
| 12 | 410346 | 204103460 | 社科二线422/422社科库 8排2列5层/ [索取号:I247.5/W311] | 在馆 | |
| 13 | 410347 | 204103479 | 文学库108/ [索取号:I247.5/W311] | 在馆 | |
| 14 | 410348 | 204103488 | 文学库108/ [索取号:I247.5/W311] | 在馆 |